00299nam a2200097Ia 4500008004100000082002000041100002600061245008400087260002100171300000900192210430s9999 xx 000 0 und d a 620.11 C 141 M a William D.Callister aMaterials Science and Engineering an Introduction 8th edc William D.Callister aUSAbWillyc2010 a885p